| 000 | 00557 a2200181 4500 | ||
|---|---|---|---|
| 999 |
_c7516 _d7516 |
||
| 010 | _aENG-88029 | ||
| 020 |
_a0070667616 _c450.00 |
||
| 035 | _aEN-71562 | ||
| 037 | _bDBAD / PUB | ||
| 082 | 1 | 4 | _a621.902 |
| 100 | 1 | _aKrar, Steve F. | |
| 245 | 1 |
_aTechnology of machine tools/ _cby Steve F.Krar, Arthur R.Gill [and] Peter Smid |
|
| 250 | _a6th ed | ||
| 260 |
_aNew Delhi _bTata McGraw-Hill Publishing _c2008 |
||
| 270 |
_a7, West Patel Nagar _bNew Delhi _e110 008 |
||
| 300 |
_ax, 918p. _c28cm (pbk) |
||
| 942 |
_adpl _cEN _2ddc _h621.902 _mKRA |
||